Ya puedo... Programa de auto-control en el estudio: control diario de la conducta de estudio

Guardat en:
Dades bibliogràfiques
Autor principal: García Pérez, E. Manuel (Autor)
Format: Llibre
Idioma:espanyol
Publicat: Madrid CEPE 1995
Col·lecció:Programas de Intervención Educativa
Matèries:
Etiquetes: Afegir etiqueta
Sense etiquetes, Sigues el primer a etiquetar aquest registre!

MARC

LEADER 00000nam a2200000 a 4500
001 UCN2362
003 CL-VaPUC
008 010518e19950000SP |||||||||||||||||spa|d
082 0 4 |a 371.3944  |b GAR  |2 21 
100 |a García Pérez, E. Manuel  |e author  |9 544413 
245 1 0 |a Ya puedo... Programa de auto-control en el estudio: control diario de la conducta de estudio 
300 |a pág. irreg 
942 |c BK 
945 |d 20010518 00:00:00  |a cmena 
260 |a Madrid  |b CEPE  |c 1995 
500 |a El programa incluye: Un manual de referencia para uso del tutor, un manual del alumno y cuatro cuadernos del alumno, dos cartulinas: Horario de estudiante y Auto-instrucciones 
650 0 |a Psicología del aprendizaje  |9 306854 
650 0 |a Métodos de enseñanza  |9 270413 
650 0 |a Métodos de estudio  |9 260518 
583 |a last modification  |c 20170609 09:44:48  |k Rodrigo Vera 
490 0 |a Programas de Intervención Educativa 
999 |c 295466  |d 295464 
952 |0 0  |1 0  |4 0  |6 371_394400000000000_GAR_1995  |7 0  |8 R  |9 348497  |a BIBEDU  |b BIBEDU  |c MCIRC  |d 2019-11-20  |i 3722589  |o 371.3944 GAR 1995  |p 3722589  |r 2023-01-13  |w 2019-11-20  |y BK_R  |k EPE